Exposición

Bewaard in:
Bibliografische gegevens
Hoofdauteur: Rosenthal K., Gert
Formaat: Texto
Gepubliceerd in: s.l.: s.e.
Tags: Voeg label toe
Geen labels, Wees de eerste die dit record labelt!

MARC

LEADER 00000 a a2200000 04500
001 21759
003
040
090 |a 097500  
100 |a Rosenthal K., Gert  
245 |a Exposición  
260 |a s.l.:   |b s.e.  
300 |a 10 p.  
999 |c 1026  |d 1026